| 000 | 00526nam a2200181 4500 | ||
|---|---|---|---|
| 001 | 147965 | ||
| 003 | ES-MaACL | ||
| 005 | 20240516063058.0 | ||
| 007 | t| | ||
| 008 | 070214s1973 sp r ||||1| spa d | ||
| 100 | 0 |
_aStevenson, Robert Louis, _d1850-1894 _9108169 |
|
| 245 | 1 | 3 |
_aEl muerto vivo / _cR. L. Stevenson. |
| 250 | _a[2ยช ed.]. | ||
| 260 |
_aBarcelona : _bRodegar, _c[1973] ( _fVidal y Armadans) |
||
| 300 |
_a112 p. ; _c20 cm. |
||
| 852 |
_aES-MaACL _jC-56052 _bR.88553 |
||
| 999 |
_c147965 _d147965 |
||